[Event "North Sea Cup 18th"]
[Site "Esbjerg"]
[Date "2003.06.06"]
[Round "3"]
[White "Nielsen, Peter Heine"]
[Black "Dominguez Perez, Leinier"]
[Result "1-0"]
[WhiteElo "2625"]
[BlackElo "2603"]
[Annotator "Dautov,R"]
[PlyCount "81"]
[EventDate "2003.06.04"]
[EventType "tourn"]
[EventRounds "9"]
[EventCountry "DEN"]
[EventCategory "15"]
[SourceTitle "CBM 096"]
[Source "ChessBase"]
[SourceDate "2003.09.25"]
[SourceVersion "1"]
[SourceVersionDate "2003.09.25"]
[SourceQuality "1"]

1. c4 c6 2. e4 d5 3. exd5 cxd5 4. d4 Nf6 5. Nc3 Nc6 6. Bg5 dxc4 {Eine scharfe
Gangart gegen 6.Bg5. Zu ruhigeren Stellungen führt 6...e6.} 7. Bxc4 {Weiß
opfert einen Bauern für die Initiative. Die Hauptfortsetzung ist hier 7.d5.}
Qxd4 (7... Nxd4 $6 8. Nf3 Nxf3+ 9. Qxf3 $36) 8. Qxd4 Nxd4 9. O-O-O e5 10. f4 $1
{Weiß hat einen Entwicklungsvorsprung und sollte deswegen energisch spielen.
Nichts bringt ihm das ruhigere 10.Nf3.} (10. Nf3 Nxf3 11. gxf3 Be7 12. Rhe1 O-O
13. Rxe5 Bd8 $11) 10... Bg4 11. Nf3 Bxf3 {Riskant, aber spielbar scheint 11...
Nxf3 zu sein.} (11... Nxf3 12. gxf3 Bxf3 13. fxe5 Bxh1 (13... Bxd1 $2 14. Rxd1
$18) 14. exf6 Rc8 $1 (14... Bc6 $2 15. Nb5 $18) 15. Re1+ Kd7 16. Bxf7 Rxc3+ 17.
bxc3 Ba3+ 18. Kc2 gxf6 $11 {Mainka,G-Buecker,P/Dortmund 1989}) 12. gxf3 Rc8 $1
(12... O-O-O 13. fxe5 Nxf3 14. Rxd8+ Kxd8 15. Rd1+ Kc8 {Stein,B-Speckner,R/
Dortmund 1993/} 16. Bxf6 $1 gxf6 17. exf6 $14) 13. fxe5 Rxc4 14. exf6 Ne6 $146
{Der erste neue Zug in der Partie, bisher wurde zweimal 14...g6 gespielt.
Interessanterweise spielte P-H. Nielsen diese Stellung bereits mit den
schwarzen Steinen.} (14... g6 15. Rhe1+ Ne6 16. Kb1 (16. Rxe6+ fxe6 17. f7+
Kxf7 18. Rd7+ Kg8 19. Bf6 b5 20. Kd1 Rf4 21. Ne4 Rxf3 $17 {Vrenegoor,T-Van
Wely,L/NED 1993}) 16... Rc6 $1 (16... Bb4 $6 17. Re4 Rxe4 18. Nxe4 $16 {
Kanstler}) 17. Nd5 Bd6 18. Bh6 (18. Ne7 Ra6 (18... Bxe7 $2 19. fxe7 Rc8 20. Bf6
Rg8 21. f4 $18) 19. Nc8 Kd7 $1 20. Nxd6 Rxd6 $10 {Kanstler}) 18... Kd7 19. Re2
Rd8 20. Be3 Bc5 $8 21. Bxc5 Rxc5 22. Rxe6 $1 fxe6 23. Nf4+ Rd5 $8 24. Nxd5 exd5
25. Rxd5+ {Remis, Hansen,S-Nielsen,P/Copenhagen 1996}) 15. Rhe1 Rc8 $2 {
Der junge Kubaner war mit den Nuancen der Stellung offensichtlich nicht
vertraut, sonst kann man seinen zeitverlierenden Zug nicht erklären. Besser
war 15...g6 mit dem Übergang zu den o.g. Partien.} (15... g6 $142 $11) 16. Kb1
h6 $2 (16... g6 $1 $14) 17. Be3 $16 gxf6 (17... a6 18. Nd5 g6 19. Bf4 $1 Bc5
20. b4 $1 Bf2 21. Re4 $18 {/\Nc7}) 18. Nd5 Be7 (18... Bc5 19. Nxf6+ Ke7 20.
Nd5+ Kf8 21. Bxc5+ Rxc5 22. f4 $16 {/\f5}) 19. Bxa7 {Weiß hat praktisch einen
Mehrbauern, außerdem sind seine Figuren deutlich aktiver.} Rg8 20. Rd3 Rg2 21.
Rb3 Rxh2 22. Rxb7 Bd6 23. Nxf6+ Kf8 24. a4 $18 Ng5 25. Rd1 Bf4 26. Bc5+ Kg7 27.
Bd4 Kf8 (27... Kg6 28. Nd5 $18) 28. Nd5 Rd2 29. Rxd2 Bxd2 30. f4 Ne4 31. Nb6
Rd8 (31... Rc1+ 32. Ka2 Bxf4 33. a5 $18) 32. Nd7+ Kg8 33. Nf6+ Nxf6 34. Bxf6
Ra8 35. f5 Bg5 36. Bc3 h5 37. a5 h4 38. Rd7 h3 39. Rd3 h2 40. Rh3 f6 41. Rxh2
1-0

[Event "Corus"]
[Site "Wijk aan Zee"]
[Date "2002.01.16"]
[Round "4"]
[White "Adams, Michael"]
[Black "Dreev, Alexey"]
[Result "1/2-1/2"]
[WhiteElo "2742"]
[BlackElo "2683"]
[Annotator "Dautov,R"]
[PlyCount "77"]
[EventDate "2002.01.12"]
[EventType "tourn"]
[EventRounds "13"]
[EventCountry "NED"]
[EventCategory "18"]
[SourceTitle "CBM 087"]
[Source "ChessBase"]
[SourceDate "2002.03.21"]
[SourceVersion "1"]
[SourceVersionDate "2002.03.21"]
[SourceQuality "1"]

1. e4 c6 2. d4 d5 3. exd5 cxd5 4. c4 Nf6 5. Nc3 Nc6 6. Nf3 Bg4 7. cxd5 Nxd5 8.
Qb3 Bxf3 9. gxf3 e6 10. Qxb7 Nxd4 11. Bb5+ Nxb5 12. Qc6+ Ke7 13. Qxb5 Qd7 {
Das entstehende Endspiel ist ungefährlich für Schwarz, auch Adams gelingt es
nicht, dieses Theorieurteil zu erschüttern.} 14. Nxd5+ Qxd5 15. Qxd5 exd5 16.
O-O ({Die andere geläufige Fortsetzung ist} 16. Be3 {mit der folgenden langen
Rochade.}) 16... Ke6 17. Re1+ Kf5 18. Rd1 (18. Be3 Be7 19. Rac1 (19. Rad1 Rhd8
20. Rd4 g5 21. Red1 Ke6 $11) 19... Bf6 20. Rc5 Rhd8 21. b4 Kg6 22. b5 d4 23.
Bd2 d3 $11 {Smejkal,J-Filip,M/Luhacovice 1968}) 18... Rd8 19. Be3 Rd7 20. Rac1
Be7 21. Rd4 g5 $1 {Es ist ratsam, das Feld f4 unter Kontrolle zu bringen.} (
21... Bf6 22. Rf4+ Ke5 23. Ra4 d4 24. Ra5+ Ke6 25. Bf4 Rb7 26. b3 Rd8 27. Kf1
$14 {/\Ke2-d3 Beliavsky,A-Wells,P/London 1985}) 22. Ra4 (22. Rcd1 Rhd8 23. Ra4
Bf6 24. Rxa7 Rxa7 25. Bxa7 Bxb2 $11) 22... Bf6 23. b4 d4 24. Ra5+ Kg6 25. Bd2
Re8 26. Kf1 d3 27. Rd1 $146 {Eine Neuerung im 27.Zug! Adams plant Be3 mit dem
Druck gegen schwarze Bauern a7 und d3.} ({Nichts brachte Weiß der Abtausch des
aktiven Turms:} 27. Ra6 Re6 28. Rxe6 fxe6 29. Rc6 Be5 30. h3 Bf4 31. Ke1 Kf5
32. Rc4 Bxd2+ 33. Kxd2 e5 34. b5 Ke6 $11 {Arkhipov,S-Filipenko,A/Belgorod 1989}
) 27... h6 $1 {Ein guter prophylaktischer Zug, Dreev verteidigt rechtzeitig
den Bauern g5, um seinen Läufer für andere Aufgaben bereitzustellen.} 28. Be3
Bc3 29. a3 Ree7 30. Ra6+ (30. Bc5 d2 $1 (30... Re6 $2 31. Rxa7 d2 32. Rxd7 Re1+
33. Kg2 Rxd1 34. Be3 $16) 31. Be3 f6 32. Rc5 Bb2 33. a4 Bd4 $11) 30... Kh5 {
Schwarz konnte seine Schwächen verteidigen und plant seinerseits das
Gegenspiel nach f7-f5. Adams erlaubt deswegen eine remisliche Abwicklung.} 31.
Rc6 (31. b5 f5 $132) 31... Bd4 (31... Be5 $5) 32. Rxd3 Bxe3 33. Rxd7 Rxd7 34.
fxe3 Rd3 35. Kf2 (35. Ra6 Rxe3 36. Kf2 (36. Rxa7 Rxf3+ 37. Kg2 Rb3 $11) 36...
Re7 $11) 35... Rxa3 36. Rf6 Rb3 37. Rxf7 Kh4 38. Rxa7 Rb2+ 39. Kg1 (39. Ke1
Rxh2 40. e4 Rb2 $11 {/\Kg3}) 1/2-1/2

[Event "Hastings 9697"]
[Site "Hastings"]
[Date "1996.??.??"]
[Round "3"]
[White "Rozentalis, Eduardas"]
[Black "Adams, Michael"]
[Result "1-0"]
[WhiteElo "2610"]
[BlackElo "2685"]
[Annotator "Donev,I"]
[PlyCount "99"]
[EventDate "1996.12.??"]
[EventType "tourn"]
[EventRounds "9"]
[EventCountry "ENG"]
[EventCategory "13"]
[SourceTitle "CBM 057"]
[Source "ChessBase"]
[SourceDate "1997.04.01"]
[SourceVersion "1"]
[SourceVersionDate "1997.04.01"]
[SourceQuality "1"]

1. e4 c6 2. d4 d5 3. exd5 cxd5 4. c4 Nf6 5. Nc3 Nc6 6. Nf3 Bg4 7. cxd5 Nxd5 8.
Qb3 Nb6 (8... Bxf3 9. gxf3 e6 10. Qxb7 Nxd4 11. Bb5+ Nxb5 12. Qc6+ Ke7 13. Qxb5
Qd7 14. Nxd5+ Qxd5 15. Qxd5 exd5 $14 {Das Endspiel ist angenehm für Weiß.}) 9.
d5 Bxf3 10. gxf3 Nd4 11. Bb5+ Nxb5 (11... Nd7 $142 12. Qa4 Nxb5 13. Qxb5 g6 14.
Qxb7 Bg7 15. O-O O-O $44) 12. Nxb5 a6 13. Nc3 Nd7 (13... Qc7 14. Be3 Nc4 15.
Qa4+ Kd8 $16 (15... b5 16. Nxb5 $18)) 14. Qxb7 g6 15. O-O Bg7 16. Re1 O-O 17.
Bg5 Bf6 (17... Rb8 18. Qxa6 Ne5 19. Re3 $14) 18. Bxf6 exf6 19. d6 Rb8 20. Qc7
Ne5 (20... Rxb2 $5 21. f4 Qxc7 (21... Rc2 22. Rac1 Rxc1 23. Rxc1 Qe8 $13 {
[%cal Ye8e6,Ye6g4]}) 22. dxc7 Rc8 23. Nd5 Kf8 24. Rac1 Rb7 $16) 21. Re3 Rc8 $2
(21... Rxb2 $13) 22. Qxd8 Rfxd8 23. Rd1 (23. Ne4 $1 f5 24. Nf6+ Kg7 25. Nh5+
gxh5 26. Rxe5 Rxd6 $16) 23... Rc6 24. Ne4 Kg7 (24... f5 25. Nf6+ Kg7 26. Ne8+
Rxe8 27. d7 (27. Rxe5 $6 Rxe5 28. d7 Re1+ $3 29. Rxe1 Rd6 $11) 27... Nxf3+ 28.
Kg2 Rd8 29. Re8 $16) 25. b4 Nd7 26. Rc3 $1 $16 {Es ist bemerkenswert, wie GM
Rozentalis seinen d-Freibauern behauptet und schließlich verwertet.} Rb6 27. a3
f5 28. Nc5 Nf8 29. d7 Kf6 30. Na4 $1 Re6 (30... Rb7 31. Rc6+ Kg5 32. Nc5 $18)
31. Rc7 Ke7 32. Nc5 Rb6 33. Ra7 Ne6 34. Re1 Kf6 35. Nxa6 Rd6 36. Rxe6+ $1 fxe6
37. Nc5 Rb6 38. Kf1 g5 39. Ke2 h5 40. Kd3 Rd6+ 41. Kc3 Ke5 42. Rc7 Kf4 43. Rc8
R8xd7 44. Nxd7 Rxd7 $18 {[%cal Yb4b5,Yb5b6,Yb6b7,Ya3a4,Ya4a5,Ya5a6,Ya6a7]} 45.
b5 Kxf3 46. b6 Kxf2 47. a4 e5 48. a5 e4 49. a6 e3 50. b7 1-0

[Event "Donner Memorial"]
[Site "Amsterdam"]
[Date "1996.08.29"]
[Round "11"]
[White "Morozevich, Alexander"]
[Black "Adianto, Utut"]
[Result "1-0"]
[WhiteElo "2610"]
[BlackElo "2605"]
[Annotator "Psakhis,L"]
[PlyCount "51"]
[EventDate "1996.08.17"]
[EventType "tourn"]
[EventRounds "11"]
[EventCountry "NED"]
[EventCategory "16"]
[SourceTitle "CBM 055"]
[Source "ChessBase"]
[SourceDate "1996.12.01"]
[SourceVersion "1"]
[SourceVersionDate "1996.12.01"]
[SourceQuality "1"]

1. e4 c6 2. d4 d5 3. exd5 cxd5 4. Bd3 Nc6 5. c3 g6 6. Nf3 Bg7 7. h3 Nh6 (7...
Nf6 $5 8. O-O O-O 9. Re1 Bf5) 8. O-O O-O 9. Re1 Nf5 (9... Bf5 $5 10. Bf4 $5 $14
(10. Bxh6 $6 Bxh6 11. Bxf5 gxf5 12. Qd3 e6 13. Nbd2 Kh8 14. Ne5 Nxe5 15. Rxe5
Rg8 $36 {Kudriashov,A-Dziuban,O/Azov(URS-cht)/1991/0:1/18/})) (9... Qc7 10. Na3
Nf5 11. Nc2 f6 12. c4 dxc4 13. Bxc4+ Kh8 14. d5 $14 {Lein,A-Chandler,M/
Hastings/1981/1:0/35/}) 10. Bf4 f6 $6 {N/} (10... a6 $5 11. Nbd2 Na5 12. b4 Nc6
13. a4 Nd6 14. Qb3 Bf5 15. Bf1 Ne4 $13 {Buecker,P-Stoering,V/Muenster ELO/1989/
0,5/23/}) 11. Nbd2 Re8 (11... g5 $5 12. Bh2 e6) 12. Nb3 $1 e5 (12... e6 13. Qd2
) 13. dxe5 fxe5 (13... Nxe5 14. Bb5 Re6 (14... Re7 15. Nxe5) 15. Nbd4 $16) 14.
Bg5 Qd7 (14... Qd6 15. c4 d4 16. Nbd2 $5) 15. c4 $1 e4 $2 (15... d4 $6 16. Nc5
Qf7 17. Ne4 h6 18. Bd2 Be6 19. Qe2 $14) 16. Nc5 Qf7 (16... Qd6 17. cxd5 Qxc5
18. dxc6 Qxc6 19. Rc1 $16) 17. cxd5 exd3 (17... exf3 18. Rxe8+ Qxe8 19. dxc6
Qxc6 20. Bc4+ $18) 18. Rxe8+ Qxe8 19. dxc6 Qxc6 20. Qb3+ Kh8 21. Re1 $1 Nd4 (
21... Qxc5 $2 22. Re8+ Bf8 23. Qf7 $18) (21... b6 $5 22. Nxd3 Bb7 23. Nf4 (23.
Nde5 Qd5) 23... Re8 $16) 22. Nxd4 Bxd4 23. Nxd3 Bf5 24. Qf7 $1 $18 Bg7 (24...
Bxd3 25. Re7 Bxf2+ 26. Kh1) 25. Re7 (25. Bh6 Qf6 26. Qxb7 $18) 25... Rg8 26.
Ne5 $1 (26. Ne5 Qc8 (26... Qd6 27. Qxf5) 27. Bh6 Qf8 28. Qxf8) 1-0

[Event "Dortmund SuperGM 40th"]
[Site "Dortmund"]
[Date "2012.07.20"]
[Round "7"]
[White "Meier, Georg"]
[Black "Gustafsson, Jan"]
[Result "1/2-1/2"]
[WhiteElo "2644"]
[BlackElo "2629"]
[Annotator "Marin,M"]
[PlyCount "106"]
[EventDate "2012.07.13"]
[EventType "tourn"]
[EventRounds "9"]
[EventCountry "GER"]
[EventCategory "19"]
[SourceTitle "CBM 150"]
[Source "ChessBase"]
[SourceDate "2012.09.14"]
[SourceVersion "1"]
[SourceVersionDate "2012.09.14"]
[SourceQuality "1"]

1. c4 c6 2. e4 d5 3. exd5 cxd5 4. d4 Nf6 5. Nc3 Nc6 6. Nf3 Bg4 7. cxd5 Nxd5 8.
Qb3 Bxf3 9. gxf3 e6 10. Qxb7 Nxd4 11. Bb5+ Nxb5 12. Qc6+ Ke7 13. Qxb5 Qd7 14.
Nxd5+ Qxd5 15. Bg5+ f6 16. Qxd5 exd5 17. Be3 Ke6 18. O-O-O Bb4 {For a long
while, I had this variation in my repertoire with White. The main body of my
theoretical knowledge was that Black should exchange the bishops, in order to
weaken the defence of the white kingside pawns, while White should obviously
prevent it!} 19. a3 {This is an open invitation to the bishop exchange, which
does not fit in with my perception about the whole variation.} ({I always
played} 19. Rd3 Rhd8 ({This is almost always played, but I wonder what I had
in mind after} 19... Rhc8+ 20. Kb1 Bc5 {as played in just one game, Korneev,O 
(2573)-Taborsky,R (2278)/Imperia 2004/EXT 2005 (0-1, 57). The best thing I can
think of now is} 21. Rhd1 Bxe3 22. Rxe3+ Kd6 23. Rde1 {, but this leads to the
game position, with the pawn on a2 instead of a3.}) 20. Kb1 a5 21. a3 Be7 22.
Re1 Kf5 $1 {The king steps closer to the weak pawns.} ({The more passive} 22...
Kf7 {allows White establish his domination:} 23. Rc1 Rd7 24. Rc6 a4 25. Kc2 f5
$6 26. Bd4 $16 {Marin,M (2561)-Engqvist,T (2354)/Stockholm 2002/CBM 085 ext 
(1-0, 48)}) 23. Rc1 Rd7 24. Rc6 a4 25. Rb6 g5 {Marin,M (2511)-Velicka,P (2440)/
Solsones 2004/EXT 2007 (1/2, 40).  After this game, I gave up playing 6.Nf3
and recommended the line with Black to my son.}) 19... Rhc8+ 20. Kb1 Bc5 21.
Rhe1 Bxe3 22. Rxe3+ Kd6 23. Rde1 Rc4 {White seems to have some initiative, but
the kingside pawns are too easy to attack.} 24. Re6+ (24. Re7 Rh4 25. R1e6+ Kc5
26. Rxg7 Rxh2 27. Rxf6 (27. Rc7+ Kd4 28. Rc1 Rxf2 29. Rd1+ Kc5 30. Rc1+ Kd4 31.
Rd1+ Kc5 32. Rc1+ {1/2 Ragger,M (2651)-Mastrovasilis,D (2604)/Eretria GRE 2011/
TWIC 870}) 27... Rxf2 28. Rxh7 Rb8 29. Rc7+ Kd4 30. Rc2 Rxc2 31. Kxc2 a5 (31...
Ke3 32. Re6+ Kxf3 33. b4 {Jiganchine,R (2171)-Sokourinski,S (2185)/Richmond
2002/CBM 088/[Jiganchine,R] (1-0, 74)}) 32. Ra6 Rc8+ 33. Kd2 Rb8 34. Kc2 Rc8+
35. Kd2 {1/2 Belikov,V (2460)-Dreev,A (2590)/Moscow 1992/CBM 033/[Hansen,Cu]})
({I do not quite understand} 24. h3 {, but consider it worth mentioning since
it was played by the always deep Ivanchuk in Ivanchuk,V (2779)-Giri,A (2690)/
Monte Carlo 2011/CBM 142 (1/2, 38)}) 24... Kc5 25. Rg1 Rh4 26. Rc1+ Rc4 27. Rg1
Rh4 28. Rc1+ (28. Rxg7 {would transpose to the variation above (more precisely,
to the position after 26.Rxg7)}) 28... Rc4 29. Rd1 a5 30. Re7 Rh4 31. Rd7 Rxh2
32. R1xd5+ Kc6 33. R5d6+ Kc5 34. Rd2 Rg2 35. a4 Kc6 36. R7d6+ Kc7 37. R6d3 Rb8
38. Rd5 Rg5 39. Rxg5 fxg5 40. Rd5 h6 41. Rxa5 Rb4 42. Ra7+ Kb8 43. Rxg7 Rxa4
44. Rg6 Rh4 45. Kc1 Rh2 46. Kd2 Rxf2+ 47. Ke3 Rxb2 48. Rxh6 Kc7 49. Rg6 Rb5 50.
Kf2 Kd7 51. Kg3 Rf5 52. Kg4 Rf4+ 53. Kxg5 Rxf3 1/2-1/2

[Event "Sharjah FIDE GP"]
[Site "Sharjah"]
[Date "2017.02.22"]
[Round "5"]
[White "Riazantsev, Alexander"]
[Black "Jakovenko, Dmitrij"]
[Result "0-1"]
[WhiteElo "2671"]
[BlackElo "2709"]
[Annotator "Yermolinsky,A"]
[PlyCount "38"]
[EventDate "2017.02.18"]
[EventType "swiss"]
[EventRounds "9"]
[EventCountry "UAE"]
[SourceTitle "CBM 177"]
[Source "ChessBase"]
[SourceDate "2017.03.16"]
[SourceVersion "1"]
[SourceVersionDate "2017.03.16"]
[SourceQuality "1"]

1. c4 c5 2. Nf3 Nc6 3. e3 Nf6 4. d4 cxd4 5. exd4 d5 6. Nc3 Bg4 7. cxd5 Nxd5 8.
Qb3 Bxf3 9. gxf3 e6 10. Qxb7 Nxd4 11. Bb5+ Nxb5 12. Qc6+ ({Note the old move
order} 12. Qxb5+ Qd7 13. Nxd5 exd5 14. Qb3 $2 {and here Black can still castle.
} (14. Qxd7+ Kxd7 15. Be3 Bb4+ 16. Ke2 Rhc8 {was played a million times before,
and most games ended in draws.})) 12... Ke7 13. Qc5+ $1 {The authorship of
this idea belongs to Grischuk, who used it against Vidit in World Rapid, Doha
2016.} ({The main line} 13. Qxb5 Qd7 14. Nxd5+ Qxd5 15. Qxd5 exd5 16. Be3 {
leaves the black king awkwardly placed on e7, but he still recovers with} Ke6 {
successfully defending most of the time.}) 13... Ke8 ({How valid it is remains
to be seen until somebody tries to punish White by keeping the extra piece:} 
13... Nd6 14. Nxd5+ exd5 15. Qxd5 {White has compensation, and the rest is
going to be computer analysis, while I have nothing else to say about this
position.}) 14. Qxb5+ Qd7 15. Nxd5 exd5 16. Qb3 {Now we go back to the note
after White's 12th, and, hey, you can't castle now!} ({The above mentioned
stem game went} 16. Qd3 {Certainly, a better square for the queen.} Bb4+ 17.
Kf1 f6 18. Kg2 Kf7 19. Bf4 Ba5 20. Rhd1 Rad8 21. Rac1 $14 {Grischuk won in 39
moves.}) 16... Bd6 17. O-O Rb8 {Black gains a free tempo} 18. Qe3+ Kf8 19. Rd1
$4 ({It is anyone's game after} 19. Re1 h5 {but I prefer Black by a small
margin.}) 19... Qh3 {This is how it ends. Tragic blunder, you say. Maybe,
karma?} (19... Qh3 20. f4 Qg4+ {picks off that unfortunate rook.}) 0-1